000 00462nam a2200181Ia 4500
005 20250508154620.0
008 008 250505s9999 xx 000 0 eng d
037 _aTextual
040 _aFEDL
_beng
_cFEDL
041 _aeng
_2eng
084 _a370.954, SEN
_qFEDL
100 _aSen N B
245 0 _aDevelopment of education in India
300 _a320p
650 _aEducation
942 _cTEXL
_h370.954, SEN
999 _c1351217
_d1351217